Vista normal
Vista MARC
Entrada Nombre de reunión
Número de registros utilizados en: 1
001 - NÚMERO DE CONTROL
- campo de control: 82335
003 - IDENTIFICADOR DEL NÚMERO DE CONTROL
- campo de control: DO-SdBNP
005 - FECHA Y HORA DE LA ÚLTIMA TRANSACCIÓN
- campo de control: 20220909123551.0
008 - DATOS DE LONGITUD FIJA
- campo de control de longitud fija: 220909|| aca||aabn | a|a d
040 ## - FUENTE DE LA CATALOGACIÓN
- Centro catalogador/agencia de origen: DO-SdBNP
- Centro/agencia transcriptor: DO-SdBNP
111 ## - ENCABEZAMIENTO--NOMBRE DE CONGRESO/REUNIÓN
- Nombre de congreso/reunión o jurisdicción como elemento de entrada: Una lectura de Guazábara de Alfredo Fernández Simó :
- Sede del congreso/Lugar de la reunión: Santo Domingo, Rep. Dom.
- Fecha del congreso/reunión: Novienbre 2004:
- Número del congreso/reunión o número de parte o sección: (No. 5
670 ## - FUENTE DE DATOS ENCONTRADOS
- Cita de la fuente: Work cat.: (DO-SdBNP)52368: Una lectura de Guazábara de Alfredo Fernández Simó : Santo Domingo, Rep. Dom. Novienbre 2004: conferencia (No. 5 : , Una lectura de Guazábara de Alfredo Fernández Simó /, 2004.
